Library Banner

The plant-powered diet : (Record no. 97382)

MARC details
000 -LEADER
fixed length control field 00582cam a22001934a 4500
001 - CONTROL NUMBER
control field 17262067
005 - DATE AND TIME OF LATEST TRANSACTION
control field 20170818092334.0
008 - FIXED-LENGTH DATA ELEMENTS--GENERAL INFORMATION
fixed length control field 120418s2012 nyu b 001 0 eng
020 ## - INTERNATIONAL STANDARD BOOK NUMBER
International Standard Book Number 9781615190584 (pbk.)
040 ## - CATALOGING SOURCE
Transcribing agency PK-LaUMT
082 00 - DEWEY DECIMAL CLASSIFICATION NUMBER
Classification number 613.262
Edition number 23
Item number PAL-P
100 1# - MAIN ENTRY--PERSONAL NAME
Personal name Palmer, Sharon
245 14 - TITLE STATEMENT
Title The plant-powered diet :
Remainder of title the lifelong eating plan for achieving optimal health, beginning today /
Statement of responsibility, etc Sharon Palmer
260 ## - PUBLICATION, DISTRIBUTION, ETC. (IMPRINT)
Place of publication, distribution, etc New York :
Name of publisher, distributor, etc Experiment,
Date of publication, distribution, etc 2012
300 ## - PHYSICAL DESCRIPTION
Extent xx, 412 p. ;
Dimensions 23 cm.
650 #0 - SUBJECT ADDED ENTRY--TOPICAL TERM
Topical term or geographic name as entry element Vegetarianism
650 #0 - SUBJECT ADDED ENTRY--TOPICAL TERM
Topical term or geographic name as entry element Self-care, Health
942 ## - ADDED ENTRY ELEMENTS (KOHA)
Koha item type Books
Holdings
Withdrawn status Lost status Damaged status Home library Current library Date acquired Full call number Barcode Date last seen Price effective from Koha item type
      UMT Main Campus UMT Main Campus 2017-08-18 613.262 PAL-P 107987 2022-03-05 2017-08-18 Books